000 00529nam a22001812 4500
001 0000001368
005 20170406113401.0
008 140109s xx 000 0 eng d
020 _c$
040 _aYour Holding Symbol
_cYour Holding Symbol
100 1 _aStephens C.Wade.
245 1 4 _aThe spirit of the classical world :
_ban anthology.
250 _a ed.
260 _anew york :
_bCapricorn books,
_c1967.
300 _a383 p. ;
_c cm.
650 0 _athe spirit of western civilization.
908 _a140109
999 _c1285
_d1285